| 000 | 00388nam a2200157Ia 4500 | ||
|---|---|---|---|
| 008 | 210716s1991 xx 000 0 und d | ||
| 020 | _a1850581029 | ||
| 041 | _aeng | ||
| 082 | _a005.133 BACN | ||
| 100 | _aBackhurst, Nigel G. | ||
| 245 | _aC tutorial turbo c. | ||
| 250 | _a1 | ||
| 260 |
_aNew Delhi _bGalgotia Publication Pvt Ltd _c1991 |
||
| 300 | _a300 | ||
| 650 | _aC Programming | ||
| 999 |
_c181872 _d181872 |
||